VietNam 1998-1999.

में बचाया:
ग्रंथसूची विवरण
स्वरूप: पुस्तक
प्रकाशित: Thế giới 1997
टैग : टैग जोड़ें
कोई टैग नहीं, इस रिकॉर्ड को टैग करने वाले पहले व्यक्ति बनें!
Thư viện lưu trữ: Mạng thư viện Đại học Đà Nẵng
LEADER 00480nam a2200217 a 4500
001 000029171
003 6086
005 20171030145630.0
008 171030s1997
020 |c 38000 
040 |a LTT 
082 0 |a 320.1  |b Vi-N 
245 0 0 |a VietNam 1998-1999. 
260 |b Thế giới  |c 1997 
OWN |a LTT 
999 |a From the UDN01 
TYP |a Monograph 
TYP |a Printed language 
980 |a Mạng thư viện Đại học Đà Nẵng